| 000 -LEADER |
| fixed length control field |
00917pab a2200157 454500 |
| 008 - FIXED-LENGTH DATA ELEMENTS--GENERAL INFORMATION |
| fixed length control field |
180718b1999 xxu||||| |||| 00| 0 eng d |
| 100 ## - MAIN ENTRY--PERSONAL NAME |
| Personal name |
Chandra, Nirmal Kumar |
| 245 ## - TITLE STATEMENT |
| Title |
FDI and domestic economy: neoliberalism in China |
| 260 ## - PUBLICATION, DISTRIBUTION, ETC. |
| Date of publication, distribution, etc. |
1999 |
| 300 ## - PHYSICAL DESCRIPTION |
| Extent |
p.3195-212 |
| 362 ## - DATES OF PUBLICATION AND/OR SEQUENTIAL DESIGNATION |
| Dates of publication and/or sequential designation |
6 Nov |
| 520 ## - SUMMARY, ETC. |
| Summary, etc. |
This paper explores the complexity of China's FDI policy. Beginning with the size of inflows and their distribution by sector, host region and source country, it goes on to describe the changing policies and the new types of foreign firms emerging in the recent past. A critical look at official data suggests an exaggeration of the stock of inward FDI and an understatement of FDI outflows, which is often misconstrued as capital flight. This leads to a discussion of the role of FDI in China's economy. - Reproduced |
| 650 ## - SUBJECT ADDED ENTRY--TOPICAL TERM |
| Topical term or geographic name entry element |
Foreign investment |
| 773 ## - HOST ITEM ENTRY |
| Main entry heading |
Economic and Political Weekly |
| 909 ## - |
| -- |
43071 |